Rizika správy akciových společností ve střední Evropě (Corporate governance risk)
Vymedzenie pojmu corporate governance, resp. správa akciových spoločností. Riziko správy akciových spoločností, jeho štyri zložky. Spoločné úspechy a problémy krajín strednej Európy v podnikateľskom prostredí. Relatívne problémy ČR a SR.
Salvato in:
| Autore principale: | |
|---|---|
| Altri autori: | |
| Natura: | Capitolo di libro |
| Lingua: | ceco |
| Soggetti: | |
| Tags: |
Nessun Tag, puoi essere il primo ad aggiungerne!!
|
MARC
| LEADER | 00000naa a2200000 4500 | ||
|---|---|---|---|
| 001 | r047115 | ||
| 005 | 20231002104113.9 | ||
| 041 | 0 | |a cze | |
| 044 | |a CZ | ||
| 245 | 1 | 0 | |a Rizika správy akciových společností ve střední Evropě |b (Corporate governance risk) |c Pavel Körner, Ondřej Vychodil |
| 520 | |a Vymedzenie pojmu corporate governance, resp. správa akciových spoločností. Riziko správy akciových spoločností, jeho štyri zložky. Spoločné úspechy a problémy krajín strednej Európy v podnikateľskom prostredí. Relatívne problémy ČR a SR. | ||
| 610 | 2 | 0 | |a správa podniku |
| 610 | 2 | 0 | |a riziko |
| 610 | 2 | 0 | |a spoločnosti akciové |
| 610 | 2 | 0 | |a investície |
| 610 | 2 | 0 | |a Česko |
| 610 | 2 | 0 | |a Slovensko |
| 610 | 2 | 0 | |a SVE |
| 100 | 1 | |a Körner, Pavel | |
| 700 | 1 | |a Vychodil, Ondřej | |